| 000 | 00716nam a2200241Ia 4500 | ||
|---|---|---|---|
| 003 | OSt | ||
| 005 | 20220918213027.0 | ||
| 006 | a|||||r|||| 00| 0 | ||
| 007 | ta | ||
| 008 | 220917b |||||||| |||| 00| 0 eng d | ||
| 024 | _a131,175 | ||
| 037 | _cTextual | ||
| 040 |
_aARTS _cARTS _beng |
||
| 041 |
_2eng _aeng |
||
| 082 | _aXy7275,M33<-L57, M2 | ||
| 100 |
_aPanigrahi Tara Sankar _9125495 |
||
| 245 | 0 |
_aBritish rule and the economy of the rural Bengal _ba study of Mallubhaum from 1757-1833 |
|
| 260 |
_aNew Delhi _bMarwah _c1982 |
||
| 300 |
_axxxii,148p. _ccm. |
||
| 650 | _aECONOMICS | ||
| 942 |
_hXy7275,M33<-L57, M2 _cTEXL _2CC |
||
| 999 |
_c254298 _d254298 |
||